000 00328nam a2200157Ia 4500
100 _aTan/S.T.
250 _a5
942 _cBK
654 _amathematics
245 _aApplied Finite Mathematics
260 _bBrooks/cole Pub Co
_aNew york
_c1997
082 _a510
_bTAN
300 _a674
546 _aENGLISH
999 _c29882
_d29882